000 00181nam a2200109Ia 4500
100 _a#N/A
942 _cBK
245 _aDigit
260 _b#N/A
546 _aENGLISH
999 _c21325
_d21325